[Event "FICGS no engines 00 email"]
[Site "FICGS email"]
[Date "2017.04.01"]
[Round "1"]
[White "Carrizo, Jose Luis"]
[Black "Aahlad, Yeturu"]
[Result "1-0"]
[WhiteElo "1964"]
[BlackElo "1989"]
[PlyCount "25"]
[EventDate "2017.??.??"]
[EventType "swiss (corr)"]
[EventRounds "1"]
[SourceTitle "Corr 2022"]
[Source "ChessBase"]
[SourceDate "2021.10.24"]
[SourceVersion "1"]
[SourceVersionDate "2021.10.24"]
[SourceQuality "1"]

1. e4 c5 2. Nf3 d6 3. d4 cxd4 4. Nxd4 Nf6 5. Nc3 a6 6. Be3 e5 7. Nb3 Be6 8. f3 h5 9. a4 Nc6 10. Nd5 Be7 11. c4 Na7 12. Bb6 Qd7 13. Nc7+ 1-0

[Event "FICGS no engines 00 email"]
[Site "FICGS email"]
[Date "2017.02.04"]
[Round "1"]
[White "Carrizo, Jose Luis"]
[Black "Kruse, Herbert"]
[Result "1-0"]
[WhiteElo "2071"]
[BlackElo "2525"]
[PlyCount "89"]
[EventDate "2017.??.??"]
[EventType "swiss (corr)"]
[EventRounds "1"]
[SourceTitle "Corr 2022"]
[Source "ChessBase"]
[SourceDate "2021.10.24"]
[SourceVersion "1"]
[SourceVersionDate "2021.10.24"]
[SourceQuality "1"]

1. e4 e5 2. Nf3 f5 3. Nxe5 Nc6 4. d4 Qe7 5. Nc3 Nxe5 6. Nd5 Qd8 7. dxe5 c6 8. Nc3 fxe4 9. Qd4 d5 10. exd6 Qxd6 11. Qxd6 Bxd6 12. Nxe4 Be7 13. Bf4 Nf6 14. Nd6+ Bxd6 15. Bxd6 Bg4 16. f3 0-0-0 17. 0-0-0 Bf5 18. Bc4 Rhe8 19. Bf4 b5 20. Rxd8+ Rxd8 21. Be2 Nd5 22. Bd2 Re8 23. Re1 h6 24. g3 Re7 25. c4 bxc4 26. Bxc4 Rxe1+ 27. Bxe1 Nb6 28. Be2 Be6 29. a3 Bd5 30. Bc3 g6 31. g4 Bc4 32. Kd2 Kd7 33. Bg7 h5 34. gxh5 gxh5 35. f4 Bxe2 36. Kxe2 Ke6 37. Bd4 Nc8 38. Ke3 a6 39. Bc5 Kd5 40. b4 a5 41. Kd3 axb4 42. axb4 Nd6 43. Bxd6 Kxd6 44. Ke4 h4 45. h3 1-0

[Event "FICGS no engines 00 email"]
[Site "FICGS email"]
[Date "2017.02.04"]
[Round "1"]
[White "Carrizo, Jose Luis"]
[Black "Vollmer, Steve"]
[Result "1/2-1/2"]
[WhiteElo "2071"]
[BlackElo "1502"]
[PlyCount "87"]
[EventDate "2017.??.??"]
[EventType "swiss (corr)"]
[EventRounds "1"]
[SourceTitle "Corr 2022"]
[Source "ChessBase"]
[SourceDate "2021.10.24"]
[SourceVersion "1"]
[SourceVersionDate "2021.10.24"]
[SourceQuality "1"]

1. e4 e6 2. d4 d5 3. Nc3 Nf6 4. Bg5 Be7 5. e5 Nfd7 6. h4 c5 7. Bxe7 Qxe7 8. Nb5 Na6 9. Nd6+ Kf8 10. c3 f5 11. Nf3 g6 12. Qd2 h6 13. 0-0-0 c4 14. Nh2 Nc7 15. g4 Ne8 16. gxf5 exf5 17. Nxe8 Qxe8 18. f4 Nb6 19. Nf3 Be6 20. h5 gxh5 21. Nh4 Rg8 22. Be2 Rc8 23. Rdg1 Rg4 24. Bxg4 hxg4 25. Ng2 h5 26. Ne3 Rc7 27. Qh2 Rh7 28. Qf2 Nc8 29. b3 b5 30. Kb2 Ne7 31. Ng2 Ng6 32. Nh4 Qf7 33. Ka1 Nxh4 34. Qxh4 Qe7 35. Qf2 h4 36. Qg2 Qa3 37. Qb2 Qxb2+ 38. Kxb2 Ke7 39. a4 Bd7 40. a5 a6 41. b4 Ke6 42. Kc2 Be8 43. Kd2 h3 44. Rh2 1/2-1/2

[Event "FICGS unrated 00004 email"]
[Site "FICGS email"]
[Date "2016.12.26"]
[Round "1"]
[White "Carrizo, Jose Luis"]
[Black "Cirulis, Ilmars"]
[Result "1/2-1/2"]
[WhiteElo "2065"]
[BlackElo "1866"]
[PlyCount "96"]
[EventDate "2016.??.??"]
[EventType "swiss (corr)"]
[EventRounds "1"]
[SourceTitle "Corr 2022"]
[Source "ChessBase"]
[SourceDate "2021.10.24"]
[SourceVersion "1"]
[SourceVersionDate "2021.10.24"]
[SourceQuality "1"]

1. e4 e6 2. d4 d5 3. Nc3 Nf6 4. Bg5 Bb4 5. e5 h6 6. Be3 Ne4 7. Qg4 Kf8 8. a3 Bxc3+ 9. bxc3 b6 10. Bd3 Nxc3 11. h4 h5 12. Qf4 Ba6 13. Nf3 Bxd3 14. cxd3 Na4 15. Ng5 Qe7 16. 0-0 Kg8 17. Rfc1 a6 18. Qg3 Kf8 19. Qf3 Kg8 20. Rc4 b5 21. Rc2 c6 22. Qg3 Kf8 23. Re2 a5 24. Bd2 Qe8 25. Re3 Ra7 26. Rf3 c5 27. dxc5 Nc6 28. Qf4 Kg8 29. Rb1 Nxc5 30. d4 Ne4 31. Nxe4 dxe4 32. Qxe4 Ne7 33. Qd3 b4 34. axb4 axb4 35. Bxb4 g6 36. Bd6 Kg7 37. Bxe7 Qxe7 38. d5 exd5 39. Qd4 Rf8 40. g3 Ra6 41. Rb5 Kg8 42. Rxd5 Qa7 43. Kg2 Qxd4 44. Rxd4 Ra5 45. Re3 Re8 46. f4 Rb5 47. Rd7 Rb2+ 48. Kf3 Reb8 1/2-1/2

[Event "FICGS rapid A 000196 email"]
[Site "FICGS email"]
[Date "2016.12.10"]
[Round "1"]
[White "Velasco, Maria Jose"]
[Black "Carrizo, Jose Luis"]
[Result "1/2-1/2"]
[WhiteElo "2027"]
[BlackElo "2065"]
[PlyCount "91"]
[EventDate "2016.??.??"]
[EventType "tourn (rapid)"]
[EventRounds "6"]
[SourceTitle "Corr 2022"]
[Source "ChessBase"]
[SourceDate "2021.10.24"]
[SourceVersion "1"]
[SourceVersionDate "2021.10.24"]
[SourceQuality "1"]

1. d4 d5 2. c4 e6 3. Nc3 c6 4. Nf3 Nf6 5. Bg5 dxc4 6. e4 b5 7. e5 h6 8. Bh4 g5 9. Nxg5 hxg5 10. Bxg5 Nbd7 11. exf6 Bb7 12. g3 c5 13. d5 Qb6 14. Bg2 0-0-0 15. 0-0 b4 16. Na4 Qb5 17. a3 Nb8 18. axb4 cxb4 19. Qe2 Bxd5 20. Rfc1 Nc6 21. Bxd5 exd5 22. b3 Kb7 23. bxc4 dxc4 24. Be3 Rh5 25. Rxc4 Na5 26. Qf3+ Qd5 27. Qxd5+ Rhxd5 28. Re4 Rc8 29. Nb2 Rc2 30. Rb1 b3 31. Kg2 Kc6 32. Re8 Ba3 33. Nd1 Kd7 34. Ra8 b2 35. Rxa7+ Ke6 36. h4 Nc4 37. Bg5 Rb5 38. Kh3 Bd6 39. Ra8 Kf5 40. Rc8 Rb3 41. Rxc4 Rxc4 42. Rxb2 Rxb2 43. Ne3+ Ke6 44. Nxc4 Rxf2 45. Nxd6 Kxd6 46. h5 1/2-1/2

[Event "FICGS no engines 00 email"]
[Site "FICGS email"]
[Date "2016.12.04"]
[Round "1"]
[White "Pipac, Darko"]
[Black "Carrizo, Jose Luis"]
[Result "0-1"]
[WhiteElo "1058"]
[BlackElo "2065"]
[PlyCount "48"]
[EventDate "2016.??.??"]
[EventType "swiss (corr)"]
[EventRounds "1"]
[SourceTitle "Corr 2022"]
[Source "ChessBase"]
[SourceDate "2021.10.24"]
[SourceVersion "1"]
[SourceVersionDate "2021.10.24"]
[SourceQuality "1"]

1. e4 e5 2. d4 exd4 3. Qxd4 Nc6 4. Qd1 Nf6 5. Bg5 h6 6. Bxf6 Qxf6 7. c3 Bc5 8. Nf3 0-0 9. Nbd2 d6 10. Bc4 Ne5 11. Bd5 Nd3+ 12. Ke2 Nxf2 13. Qb3 Nxh1 14. Rxh1 c6 15. Bc4 b5 16. Bd3 Be6 17. c4 bxc4 18. Bxc4 Rab8 19. Qa4 Rxb2 20. Bxe6 fxe6 21. Qxc6 Bb4 22. Rb1 Rxd2+ 23. Nxd2 Qf2+ 24. Kd1 Qxd2# 0-1

[Event "FICGS rapid B 000247 email"]
[Site "FICGS email"]
[Date "2016.12.01"]
[Round "1"]
[White "Cirulis, Ilmars"]
[Black "Carrizo, Jose Luis"]
[Result "1/2-1/2"]
[WhiteElo "1866"]
[BlackElo "2065"]
[PlyCount "79"]
[EventDate "2016.??.??"]
[EventType "tourn (rapid)"]
[EventRounds "6"]
[SourceTitle "Corr 2022"]
[Source "ChessBase"]
[SourceDate "2021.10.24"]
[SourceVersion "1"]
[SourceVersionDate "2021.10.24"]
[SourceQuality "1"]

1. b4 d5 2. Nf3 Nf6 3. a3 g6 4. Bb2 Bg7 5. e3 0-0 6. Be2 a5 7. b5 c5 8. 0-0 Nbd7 9. c4 dxc4 10. a4 Nd5 11. Bxg7 Kxg7 12. Na3 c3 13. Qb3 N7b6 14. Rfd1 Qc7 15. dxc3 Be6 16. Ng5 Qe5 17. Nxe6+ fxe6 18. Rd3 Rad8 19. Rf1 Nf6 20. Nc4 Nxc4 21. Qxc4 Rd6 22. f4 Qf5 23. Rxd6 exd6 24. Bf3 b6 25. Qe2 e5 26. g4 Qe6 27. g5 Nd5 28. c4 Ne7 29. Rf2 Nf5 30. Bd5 Qe7 31. Qd3 h6 32. e4 Nd4 33. gxh6+ Kxh6 34. f5 Qg5+ 35. Kh1 Rf6 36. Rg2 Qf4 37. Qh3+ Kg7 38. Qd3 Kf8 39. Qd1 Kg7 40. Qd3 1/2-1/2

[Event "FICGS theme 0002 email"]
[Site "FICGS email"]
[Date "2016.11.29"]
[Round "1"]
[White "Zemlyanov, Sergey Mikhailovich"]
[Black "Carrizo, Jose Luis"]
[Result "0-1"]
[WhiteElo "1457"]
[BlackElo "2065"]
[PlyCount "44"]
[EventDate "2016.??.??"]
[EventType "swiss (corr)"]
[EventRounds "1"]
[SourceTitle "Corr 2022"]
[Source "ChessBase"]
[SourceDate "2021.10.24"]
[SourceVersion "1"]
[SourceVersionDate "2021.10.24"]
[SourceQuality "1"]

1. e4 e5 2. Nf3 Nc6 3. Nc3 Nf6 4. d4 exd4 5. Nd5 Be7 6. Nxd4 Nxd5 7. exd5 Nxd4 8. Qxd4 0-0 9. Be2 Bf6 10. Qd3 d6 11. 0-0 Re8 12. Re1 g6 13. c3 Bf5 14. Qd1 Qd7 15. Be3 Re7 16. Qd2 Rae8 17. a4 a6 18. a5 Be4 19. h3 Qf5 20. c4 Qe5 21. Ra2 h5 22. Bf1 Qf5 0-1

[Event "FICGS class C 000250 email"]
[Site "FICGS email"]
[Date "2016.11.22"]
[Round "1"]
[White "Carrizo, Jose Luis"]
[Black "De la Foret, Fred"]
[Result "1-0"]
[WhiteElo "2065"]
[BlackElo "1900"]
[PlyCount "21"]
[EventDate "2016.??.??"]
[EventType "tourn (corr)"]
[EventRounds "1"]
[SourceTitle "Corr 2022"]
[Source "ChessBase"]
[SourceDate "2021.10.24"]
[SourceVersion "1"]
[SourceVersionDate "2021.10.24"]
[SourceQuality "1"]

1. e4 c5 2. Nf3 d6 3. d4 cxd4 4. Nxd4 Nf6 5. Nc3 a6 6. Be3 g6 7. f3 Bg7 8. Qd2 0-0 9. 0-0-0 Nc6 10. g4 Bd7 11. h4 1-0

[Event "FICGS unrated 00004 email"]
[Site "FICGS email"]
[Date "2016.06.18"]
[Round "1"]
[White "Foster, Duncan"]
[Black "Carrizo, Jose Luis"]
[Result "0-1"]
[WhiteElo "1598"]
[BlackElo "2001"]
[PlyCount "74"]
[EventDate "2016.??.??"]
[EventType "swiss (corr)"]
[EventRounds "1"]
[SourceTitle "Corr 2022"]
[Source "ChessBase"]
[SourceDate "2021.10.24"]
[SourceVersion "1"]
[SourceVersionDate "2021.10.24"]
[SourceQuality "1"]

1. e4 e5 2. Nf3 Nc6 3. d4 exd4 4. Nxd4 Nf6 5. Nc3 Bb4 6. Nxc6 bxc6 7. Bd3 d5 8. exd5 cxd5 9. Qe2+ Be7 10. 0-0 0-0 11. Bf4 Bd6 12. Bg5 c6 13. Rfe1 Rb8 14. Rab1 h6 15. Bh4 Rb4 16. Bg3 Bxg3 17. hxg3 Re8 18. Qd2 Rxe1+ 19. Qxe1 c5 20. Qe5 Be6 21. b3 Qb8 22. Qxb8+ Rxb8 23. Na4 c4 24. Be2 Bd7 25. Nb2 a5 26. Nd1 a4 27. Nc3 d4 28. Nd1 axb3 29. axb3 c3 30. f3 Nd5 31. Nf2 Nb4 32. Bd3 Ra8 33. Be4 Ra2 34. Rc1 Be6 35. Nd3 Nxc2 36. Nc5 Ne3 37. f4 Bf5 0-1

[Event "FICGS rapid A 000189 email"]
[Site "FICGS email"]
[Date "2016.05.27"]
[Round "1"]
[White "Carrizo, Jose Luis"]
[Black "Benassi, Aspasio"]
[Result "1-0"]
[WhiteElo "2039"]
[BlackElo "2108"]
[PlyCount "39"]
[EventDate "2016.??.??"]
[EventType "tourn (rapid)"]
[EventRounds "6"]
[SourceTitle "Corr 2022"]
[Source "ChessBase"]
[SourceDate "2021.10.24"]
[SourceVersion "1"]
[SourceVersionDate "2021.10.24"]
[SourceQuality "1"]

1. e4 e5 2. Nf3 Nc6 3. Bb5 a6 4. Ba4 Nf6 5. 0-0 Be7 6. Re1 b5 7. Bb3 d6 8. c3 0-0 9. h3 Na5 10. Bc2 c5 11. d4 cxd4 12. cxd4 Qc7 13. Nc3 Bb7 14. d5 Rfc8 15. Bd3 Nc4 16. Ne2 Nb6 17. Ng3 Na4 18. Nf5 Bf8 19. Qe2 Nc5 20. Bc2 1-0

[Event "FICGS rapid A 000189 email"]
[Site "FICGS email"]
[Date "2016.05.27"]
[Round "1"]
[White "Carrizo, Jose Luis"]
[Black "Sorbi, Luca"]
[Result "1/2-1/2"]
[WhiteElo "2039"]
[BlackElo "1997"]
[PlyCount "47"]
[EventDate "2016.??.??"]
[EventType "tourn (rapid)"]
[EventRounds "6"]
[SourceTitle "Corr 2022"]
[Source "ChessBase"]
[SourceDate "2021.10.24"]
[SourceVersion "1"]
[SourceVersionDate "2021.10.24"]
[SourceQuality "1"]

1. e4 e5 2. Nf3 Nf6 3. Nxe5 d6 4. Nf3 Nxe4 5. d4 d5 6. Bd3 Nc6 7. 0-0 Be7 8. c4 Nb4 9. Be2 0-0 10. Nc3 Bf5 11. a3 Nxc3 12. bxc3 Nc6 13. Re1 Re8 14. cxd5 Qxd5 15. Bf4 Rac8 16. Bd3 Qd7 17. Rb1 b6 18. Bb5 Bxb1 19. Qxb1 Bf6 20. Rd1 Qd5 21. Bg3 Ne7 22. Bxe8 Rxe8 23. Re1 Qc6 24. Qc2 1/2-1/2

[Event "FICGS rapid A 000189 email"]
[Site "FICGS email"]
[Date "2016.05.27"]
[Round "1"]
[White "Mevel, Alberic"]
[Black "Carrizo, Jose Luis"]
[Result "1-0"]
[WhiteElo "1901"]
[BlackElo "2039"]
[PlyCount "125"]
[EventDate "2016.??.??"]
[EventType "tourn (rapid)"]
[EventRounds "6"]
[SourceTitle "Corr 2022"]
[Source "ChessBase"]
[SourceDate "2021.10.24"]
[SourceVersion "1"]
[SourceVersionDate "2021.10.24"]
[SourceQuality "1"]

1. e4 e5 2. Nf3 Nc6 3. Bb5 a6 4. Ba4 Nf6 5. 0-0 Be7 6. Re1 b5 7. Bb3 d6 8. c3 0-0 9. h3 Na5 10. Bc2 c5 11. d4 Qc7 12. Nbd2 cxd4 13. cxd4 Nc6 14. a3 Bd7 15. d5 Na5 16. Nf1 Rfc8 17. Bd3 Bd8 18. Ng3 Qa7 19. Rf1 Rab8 20. b3 Rc3 21. Rb1 b4 22. axb4 Rxb4 23. Ba3 Rb6 24. Ne2 Rc8 25. Nd2 Bb5 26. Rc1 Rxc1 27. Nxc1 Qd7 28. Qe2 g6 29. b4 Nb7 30. Bxb5 axb5 31. Bb2 Ra6 32. Nd3 Ra2 33. Kh2 Ne8 34. f4 exf4 35. Rxf4 Be7 36. Rf2 Bf8 37. Qe3 Nd8 38. Nf3 Qc7 39. Nde1 Qb7 40. Qb3 Ra8 41. Qd3 Ra2 42. Bd4 Ra8 43. Nc2 Qd7 44. Bc3 Rb8 45. Na3 Qa7 46. Rf1 Qd7 47. Kh1 Bg7 48. Bxg7 Kxg7 49. Nd4 Nc7 50. Qg3 Kh8 51. Nac2 Qe7 52. Qc3 f6 53. Qf3 Kg8 54. Ne3 Qg7 55. Ng4 Ne8 56. Qg3 Rb6 57. Qc3 Rb8 58. Nc6 Ra8 59. Nxf6+ Nxf6 60. Rxf6 Nf7 61. Qf3 Re8 62. Re6 Ra8 63. e5 1-0

[Event "FICGS no engines 00 email"]
[Site "FICGS email"]
[Date "2016.04.17"]
[Round "1"]
[White "Carrizo, Jose Luis"]
[Black "Goldmund, Heike"]
[Result "1-0"]
[WhiteElo "2039"]
[BlackElo "1143"]
[PlyCount "63"]
[EventDate "2016.??.??"]
[EventType "swiss (corr)"]
[EventRounds "1"]
[SourceTitle "Corr 2022"]
[Source "ChessBase"]
[SourceDate "2021.10.24"]
[SourceVersion "1"]
[SourceVersionDate "2021.10.24"]
[SourceQuality "1"]

1. e4 d5 2. exd5 Qxd5 3. Nc3 Qa5 4. d4 Nf6 5. Nf3 Bf5 6. Bc4 e6 7. Bd2 c6 8. Nd5 cxd5 9. Bxa5 dxc4 10. 0-0 Nc6 11. Bc7 Nd5 12. Bg3 Be7 13. Ne5 Ncb4 14. c3 Nc6 15. Qa4 0-0 16. Nxc6 bxc6 17. Qxc4 Rfc8 18. Rfe1 h6 19. Re2 Bg4 20. f3 Bf5 21. Rae1 Rab8 22. Bxb8 Rxb8 23. Qxc6 Bd3 24. Re5 Bb5 25. Qxd5 exd5 26. Rxe7 a6 27. Rc7 Kf8 28. b3 Rd8 29. c4 dxc4 30. bxc4 Ba4 31. d5 Rd6 32. Rc8+ 1-0

[Event "FICGS class C 000240 email"]
[Site "FICGS email"]
[Date "2016.04.04"]
[Round "1"]
[White "Carrizo, Jose Luis"]
[Black "Duttagupta, Aniruddha"]
[Result "1/2-1/2"]
[WhiteElo "2039"]
[BlackElo "1829"]
[PlyCount "77"]
[EventDate "2016.??.??"]
[EventType "tourn (corr)"]
[EventRounds "1"]
[SourceTitle "Corr 2022"]
[Source "ChessBase"]
[SourceDate "2021.10.24"]
[SourceVersion "1"]
[SourceVersionDate "2021.10.24"]
[SourceQuality "1"]

1. e4 e5 2. Nf3 Nc6 3. Bb5 f5 4. Nc3 fxe4 5. Nxe4 Nf6 6. Nxf6+ Qxf6 7. Qe2 Be7 8. Bxc6 bxc6 9. d4 Qg6 10. 0-0 d6 11. Qc4 d5 12. Qc3 exd4 13. Nxd4 0-0 14. Qxc6 Qxc6 15. Nxc6 Bf6 16. Re1 Bb7 17. Ne5 Rae8 18. Bf4 Re7 19. Nd3 Rfe8 20. Rxe7 Rxe7 21. Rd1 Kf7 22. Be3 d4 23. Bd2 Bc8 24. f3 Re6 25. Kf2 Rc6 26. Rc1 h5 27. c3 Bf5 28. Nf4 g6 29. h3 dxc3 30. Bxc3 Bg5 31. Bd2 Rxc1 32. Bxc1 c5 33. Be3 a6 34. Nd5 Ke6 35. Nc3 Bh4+ 36. Ke2 c4 37. Bf2 Bd3+ 38. Ke1 Bf6 39. g3 1/2-1/2

[Event "FICGS class A 000170 email"]
[Site "FICGS email"]
[Date "2016.04.04"]
[Round "1"]
[White "Carrizo, Jose Luis"]
[Black "Fierry Fraillon, David"]
[Result "0-1"]
[WhiteElo "2039"]
[BlackElo "2030"]
[PlyCount "116"]
[EventDate "2016.??.??"]
[EventType "tourn (corr)"]
[EventRounds "6"]
[SourceTitle "Corr 2022"]
[Source "ChessBase"]
[SourceDate "2021.10.24"]
[SourceVersion "1"]
[SourceVersionDate "2021.10.24"]
[SourceQuality "1"]

1. e4 c5 2. Nf3 d6 3. d4 cxd4 4. Nxd4 Nf6 5. Nc3 a6 6. Be2 e5 7. Nb3 Be7 8. 0-0 0-0 9. Be3 Be6 10. Qd3 Nbd7 11. Nd5 Bxd5 12. exd5 Rc8 13. c4 Ne8 14. Qd2 f5 15. Qb4 b6 16. f4 a5 17. Qa3 Rf7 18. Rad1 Qc7 19. Qa4 g6 20. g4 Ng7 21. g5 Bf8 22. Rf2 Ne8 23. Qa3 Re7 24. fxe5 Nxe5 25. Nd2 Bg7 26. h3 Nd7 27. Rb1 Qd8 28. Bf1 Nc5 29. Nf3 Nc7 30. Re1 Re4 31. Kh1 N7a6 32. Rfe2 Qd7 33. Nd2 Re7 34. Bf4 Rce8 35. Rxe7 Rxe7 36. Rxe7 Qxe7 37. Qg3 Be5 38. a3 a4 39. h4 Nb8 40. Nf3 Ne4 41. Qh2 Nd7 42. Nxe5 dxe5 43. Be3 f4 44. Bf2 Nxf2+ 45. Qxf2 Nc5 46. Qd2 Qd6 47. Kg2 h6 48. gxh6 Kh7 49. Qc3 Qf6 50. Be2 Kxh6 51. Kg1 Ne4 52. Qd3 Nd6 53. Qc3 Nf5 54. Bf3 Ne3 55. Qe1 Nxc4 56. Be4 b5 57. Qf2 Ne3 58. Bf3 Qf5 0-1

[Event "FICGS class C 000240 email"]
[Site "FICGS email"]
[Date "2016.04.04"]
[Round "1"]
[White "Sorcinelli, Andrea"]
[Black "Carrizo, Jose Luis"]
[Result "0-1"]
[WhiteElo "1921"]
[BlackElo "2039"]
[PlyCount "50"]
[EventDate "2016.??.??"]
[EventType "tourn (corr)"]
[EventRounds "1"]
[SourceTitle "Corr 2022"]
[Source "ChessBase"]
[SourceDate "2021.10.24"]
[SourceVersion "1"]
[SourceVersionDate "2021.10.24"]
[SourceQuality "1"]

1. e4 e5 2. Nf3 Nc6 3. Bb5 a6 4. Ba4 Nf6 5. 0-0 Be7 6. Re1 b5 7. Bb3 d6 8. c3 0-0 9. h3 Na5 10. Bc2 c5 11. d4 Qc7 12. Nbd2 cxd4 13. cxd4 Nc6 14. Nb3 a5 15. Be3 a4 16. Nbd2 Bd7 17. d5 Nb4 18. Bb1 Rfc8 19. a3 Nc2 20. Bxc2 Qxc2 21. Qxc2 Rxc2 22. Rab1 Ne8 23. Rec1 Rxc1+ 24. Rxc1 f5 25. exf5 Bxf5 0-1

[Event "FICGS class C 000240 email"]
[Site "FICGS email"]
[Date "2016.04.04"]
[Round "1"]
[White "Velasco, Maria Jose"]
[Black "Carrizo, Jose Luis"]
[Result "1/2-1/2"]
[WhiteElo "1892"]
[BlackElo "2039"]
[PlyCount "59"]
[EventDate "2016.??.??"]
[EventType "tourn (corr)"]
[EventRounds "1"]
[SourceTitle "Corr 2022"]
[Source "ChessBase"]
[SourceDate "2021.10.24"]
[SourceVersion "1"]
[SourceVersionDate "2021.10.24"]
[SourceQuality "1"]

1. Nf3 d5 2. d4 c6 3. c4 e6 4. Nc3 Nf6 5. Bg5 dxc4 6. e4 b5 7. e5 h6 8. Bh4 g5 9. Nxg5 hxg5 10. Bxg5 Nbd7 11. g3 Bb7 12. Bg2 Qb6 13. exf6 0-0-0 14. 0-0 c5 15. d5 b4 16. Na4 Qb5 17. a3 Nb8 18. axb4 cxb4 19. Qg4 Bxd5 20. Rfc1 Nc6 21. Bxd5 Rxd5 22. Rxc4 Rxg5 23. Qd4 Kb8 24. Rxc6 Rxg3+ 25. fxg3 Qxc6 26. Rd1 Qc7 27. b3 Kc8 28. Qe3 Kb8 29. Qd2 Bc5+ 30. Nxc5 1/2-1/2

[Event "FICGS unrated 00004 email"]
[Site "FICGS email"]
[Date "2016.03.19"]
[Round "1"]
[White "Pivirotto, Filiberto"]
[Black "Carrizo, Jose Luis"]
[Result "0-1"]
[WhiteElo "1674"]
[BlackElo "2039"]
[PlyCount "86"]
[EventDate "2016.??.??"]
[EventType "swiss (corr)"]
[EventRounds "1"]
[SourceTitle "Corr 2022"]
[Source "ChessBase"]
[SourceDate "2021.10.24"]
[SourceVersion "1"]
[SourceVersionDate "2021.10.24"]
[SourceQuality "1"]

1. b3 d5 2. Bb2 Nf6 3. e3 Bf5 4. Nf3 e6 5. Be2 h6 6. 0-0 c6 7. c4 Nbd7 8. d3 Bd6 9. Nc3 0-0 10. e4 Bg6 11. exd5 exd5 12. cxd5 Nxd5 13. Nxd5 cxd5 14. d4 Re8 15. Bb5 Bh5 16. Rc1 a6 17. Bd3 Qf6 18. Bc3 Nf8 19. h3 Ne6 20. g4 Nf4 21. gxh5 Qe6 22. Re1 Qxh3 23. Bf1 Qg4+ 24. Kh1 Re2 25. Qxe2 Qxh5+ 26. Kg1 Qg4+ 27. Kh1 Nxe2 28. Bxe2 Re8 29. Ng1 Rxe2 30. Rxe2 Qh4+ 31. Kg2 Qg5+ 32. Kh1 Qxc1 33. Bb2 Qf1 34. Bc3 h5 35. f3 h4 36. Re1 Qd3 37. Re8+ Kh7 38. Be1 h3 39. Re2 h2 40. Rxh2+ Bxh2 41. Kxh2 Qxd4 42. Kg2 Qb2+ 43. Kg3 Qxa2 0-1